01383nam a2200349 a 4500001001200000003000800012006001900020007001500039008004100054010001700095020001500112020001800127020002700145040002100172035002100193050002600214082001400240100002400254245009100278260005300369300002300422490003800445504005100483505010300534533015200637650002900789650002600818655002900844710001700873856012600890999001701016ebr10660557CaPaEBRm o u cr cn|||||||||120319s2012 enka sb 001 0 eng d z 2012006812 z1848213611 z9781848213616 z9781118586129 (e-book) aCaPaEBRcCaPaEBR a(OCoLC)82842462114aQA276.8b.B672 2012eb04a519.52231 aBosq, Denis,d1939-10aMathematical statistics and stochastic processesh[electronic resource] /cDenis Bosq. aLondon :bISTE ;aHoboken, N.J. :bWiley,c2012. axi, 286 p. :bill.0 aApplied stochastic methods series aIncludes bibliographical references and index.0 apt. 1. Mathematical statistics -- pt. 2. Statistics for stochastic processes -- pt. 3. Supplement. aElectronic reproduction.bPalo Alto, Calif. :cebrary,d2015.nAvailable via World Wide Web.nAccess may be limited to ebrary affiliated libraries. 0aMathematical statistics. 0aStochastic processes. 7aElectronic books.2local2 aebrary, Inc.40uhttp://site.ebrary.com/lib/rucke/Doc?id=10660557zAn electronic book accessible through the World Wide Web; click to view c67805d67805